000 00828nam a2200265 i 4500
001 bg
245 0 0 _aPodstawy ubezpieczeń :
_bpodręcznik.
_nT.1,
_pMechanizmy i funkcje /
_cpod red. Jana Monkiewicza ; [aut.] Lech Gąsiorkiewicz [et al.].
260 _aWarszawa :
_b"Poltext",
_c2000.
300 _a401 s. :
_bil. ;
_c21 cm.
490 1 _aUbezpieczenia
504 _aBibliogr.
650 9 _aUbezpieczenia
655 _aPodręczniki
700 1 _aMonkiewicz, Jan
_d(1949- ).
_eRed.
700 1 _aGąsiorkiewicz, Lech
_d(1946- ).
830 _aUbezpieczenia
020 _a8386890797
040 _cBPK
041 0 _apl
080 _a368/369(07)
920 _a83-86890-79-7
942 _cKS
008 s pl f |000 0 pol
999 _c41752
_d41752
856 _uhttp://koha.tu.koszalin.pl/cgi-bin/koha/opac-detail.pl?biblionumber=41752
_yKatalog online BPK